01138nam a2200205 a 450000100060000000300090000600800410001502000150005604000280007108200180009910000270011724500600014426000280020430000190023250504860025165000390073765000580077665000580083465000400089221406CO-ViMGA141112s2004 ck r 000 u spa d a9580475598 aCO-ViMGAbspacCO-ViMGA04a460.7 M673n 61 aMoreno Cardozo, Sandra10aNuevo portal del idioma : bcastellano y literatura 6o. aBogotá; Norma, c2003 a272 + Cartilla aTexto argumentativo Lenguaje, lengua y habla, La narración y el mito, La sílaba 32 - - Texto expositivo La estructura de la frase, La producción de la voz, La leyenda y la fábula, El acento 64 - - Texto informativo La estructura del párrafo, Sinóminos y antónimos, El cuento, La tílde diacrítica 96 - - El punto y la coma Prefijos y sufijos, Tipos de cuentos 116 - - El título, el tema, y el propósito de la redacción, clases de adjetivos, La poesía 180 14aESPAÑOL - ENSEÑANZA SECUNDARIA14aESPAÑOL - ENSEÑANZA SECUNDARIA - LIBROS DE TEXTOS14aLITERATURA - ENSEÑANZA SECUNDARIA - LIBROS DE TEXTO14aLITERATURA ESNSEÑANAZA SECUNDARIA